The law and science of ancient lights (Record no. 114048)

MARC details
000 -LEADER
fixed length control field 00588cam a22001935a 4500
001 - CONTROL NUMBER
control field L156131
008 - FIXED-LENGTH DATA ELEMENTS--GENERAL INFORMATION
fixed length control field 120501s1871 xxk f 000 0 eng d
035 ## - SYSTEM CONTROL NUMBER
System control number (Sirsi) u156131
041 0# - LANGUAGE CODE
Language code of text/sound track or separate title eng
100 1# - MAIN ENTRY--PERSONAL NAME
Personal name Cox, Homersham
Dates associated with a name 1821-1897
245 04 - TITLE STATEMENT
Title The law and science of ancient lights
250 ## - EDITION STATEMENT
Edition statement 2nd ed.
Remainder of edition statement greatly augmented and almost entirely re-written
260 ## - PUBLICATION, DISTRIBUTION, ETC.
Place of publication, distribution, etc. London
Name of publisher, distributor, etc. H. Sweet
Date of publication, distribution, etc. 1871
300 ## - PHYSICAL DESCRIPTION
Extent x, 136 p.
Other physical details ill.
Dimensions 22 cm.
583 ## - ACTION NOTE
Action Condition reviewed
Time/date of action 20120620
Status condition level 1
651 #4 - SUBJECT ADDED ENTRY--GEOGRAPHIC NAME
Geographic name Great Britain
Chronological subdivision 1707-
690 ## - LOCAL SUBJECT ADDED ENTRY--TOPICAL TERM (OCLC, RLIN)
Topical term or geographic name as entry element Rights of light
9 (RLIN) 6267
942 ## - ADDED ENTRY ELEMENTS (KOHA)
Suppress in OPAC 0
Holdings
Withdrawn status Lost status Source of classification or shelving scheme Damaged status Not for loan Home library Current library Shelving location Date acquired Total Checkouts Full call number Barcode Date last seen Copy number Price effective from Koha item type
    Dewey Decimal Classification     Historic collection Historic collection Historic collection 01/05/2012   QUARTO 1871 COX 30077979 06/08/2019 1 06/08/2019 Book